| 000 | 00393nam a2200145Ia 4500 | ||
|---|---|---|---|
| 005 | 20250729165333.0 | ||
| 008 | 250729s2005 xx 000 0 und d | ||
| 041 | _aeng | ||
| 082 | _a910.7 ARAB | ||
| 100 |
_aSharma S R _9221202 |
||
| 245 | _aResearch In Educational and Vocational Guidence | ||
| 260 |
_aGadaga _bVidya Nidhi Prakashana _c2005 |
||
| 300 | _a282p | ||
| 650 |
_aGeography _9221203 |
||
| 999 |
_c234902 _d234902 |
||